Statistics for Each AFL Teams Elite Payers for 2022 (according to champion data)

Click here to take the quiz!

General Stats

  • This quiz has been taken 105 times
  • The average score is 14 of 53

Answer Stats

TeamAnswer% Correct
Adelaide CrowsTaylor Walker
86%
Western BulldogsMarcus Bontempelli
56%
MelbourneClayton Oliver
54%
MelbourneChristian Petracca
52%
Western BulldogsJack Macrae
49%
EssendonDarcy Parish
46%
Adelaide CrowsJordan Dawson
44%
Gold Coast SunsTouk Miller
44%
Brisbane LionsDayne Zorko
41%
Brisbane LionsHarris Andrews
41%
Western BulldogsBailey Smith
40%
CollingwoodDarcy Moore
40%
HawthornDylan Moore
40%
Geelong CatsTom Hawkins
40%
CollingwoodBrodie Grundy
37%
Brisbane LionsHugh McCluggage
37%
RichmondDustin Martin
35%
Sydney SwansLance Franklin
35%
Brisbane LionsDaniel Rich
33%
CollingwoodJack Crisp
30%
CarltonJacob Weitering
30%
GWS GiantsToby Greene
29%
Western BulldogsAdam Treloar
27%
EssendonJake Stringer
27%
Western BulldogsTom Liberatore
27%
Western BulldogsBailey Dale
25%
MelbourneJake Lever
25%
Sydney SwansIsaac Heeney
24%
HawthornLuke Breust
24%
Port AdelaideZak Butters
24%
CarltonAdam Saad
22%
Geelong CatsTom Stewart
22%
Port AdelaideCharlie Dixon
21%
West Coast EaglesLiam Ryan
21%
FremantleSean Darcy
17%
Western BulldogsCaleb Daniel
16%
Port AdelaideKarl Amon
16%
Port AdelaideRobbie Gray
16%
North MelbourneAaron Hall
14%
St KildaJack Sinclair
14%
Port AdelaideAliir Aliir
13%
West Coast EaglesNic Naitanui
13%
Adelaide CrowsPaul Seedsman
13%
CollingwoodJamie Elliott
10%
Brisbane LionsLincoln McCarthy
10%
CarltonZac Williams
10%
HawthornJack Scrimshaw
6%
EssendonNick Hind
6%
Geelong CatsSam Menegola
6%
FremantleSam Switkowski
6%
HawthornChad Wingard
5%
Port AdelaideJeremy Finlayson
5%
Sydney SwansTom Hickey
5%

Score Distribution

Percentile by Number Answered

Percent of People with Each Score

Your Score History

You have not taken this quiz